|
|
|
|
| LEADER |
00000nas a2200000 a 4500 |
| 001 |
ssj0060354 |
| 003 |
WaSeSS |
| 005 |
20200512172242.0 |
| 006 |
m d |
| 007 |
cr n |
| 008 |
750212c19uu9999sp fr s o 0 b0spa c |
| 010 |
|
|
|a 53019115
|
| 016 |
7 |
|
|a 007159040
|2 Uk
|
| 022 |
|
|
|l 0210-749X
|y 0210-749X
|
| 035 |
|
|
|a (WaSeSS)ssj0060354
|
| 040 |
|
|
|a DRB
|b eng
|c DRB
|d COO
|d IUL
|d DLC
|d AIP
|d DLC
|d OCL
|d NST
|d NSD
|d OCL
|d NST
|d EBZ
|d NSD
|d IUL
|d CLU
|d OCLCQ
|d IUL
|d CGU
|d TBS
|d IUL
|d OCLCQ
|d UKMGB
|d EUM
|d OCLCQ
|d OCLCF
|d CUS
|d OCLCA
|d OCLCQ
|d U3G
|d L2U
|d WaSeSS
|
| 042 |
|
|
|a pcc
|a nsdp
|
| 050 |
0 |
0 |
|a B4568.U54
|b A13
|
| 082 |
0 |
4 |
|a 868/.6209
|2 19
|
| 210 |
0 |
|
|a Cuad. Cátedra Miguel Unamuno
|
| 222 |
|
0 |
|a Cuadernos de la Cátedra Miguel de Unamuno
|
| 245 |
0 |
0 |
|a Cuadernos de la Cátedra Miguel de Unamuno
|h [electronic resource].
|
| 260 |
|
|
|a Salamanca [Spain] :
|b Cátedra Miguel de Unamuno
|
| 310 |
|
|
|a Semiannual,
|b 2006-
|
| 321 |
|
|
|a Annual,
|b <1978>-2005
|
| 500 |
|
|
|a Published: Salamanca : Ediciones Universidad, <2006->
|
| 506 |
|
|
|a License restrictions may limit access.
|
| 515 |
|
|
|a Vols. 14/15-16/17, and 25/26 are combined issues.
|
| 515 |
|
|
|a None published, 1984-1993.
|
| 515 |
|
|
|a No. 29 (1994)- also called 2. época-
|
| 515 |
|
|
|a Beginning with v. 41 in 2006 issued as 2 vols. per year with each vol. complete in one issue. Each issue also has year and no. designation.
|
| 588 |
|
|
|a Description based on: 25-26, published in 1978.
|
| 588 |
|
|
|a Latest issue consulted: Vol. 43 (2007).
|
| 600 |
1 |
0 |
|a Unamuno, Miguel de,
|d 1864-1936
|v Periodicals.
|
| 600 |
1 |
4 |
|a Unamuno, Miguel de,
|d 1864-1936
|x Societies, periodicals, etc.
|
| 600 |
1 |
7 |
|a Unamuno, Miguel de,
|d 1864-1936.
|2 fast
|0 (OCoLC)fst00036740
|
| 650 |
|
7 |
|a 18.32 Spanish literature.
|0 (NL-LeOCL)077612124
|2 bcl
|
| 655 |
|
0 |
|a Electronic journals.
|
| 710 |
2 |
|
|a Universidad de Salamanca.
|b Cátedra Miguel de Unamuno.
|
| 850 |
|
|
|a AAP
|a CLU
|a CoU
|a DLC
|a PU
|a WyU
|
| 856 |
4 |
0 |
|z Full text available from PRISMA Database with HAPI Index: 01/01/2010 to 01/31/2010
|u https://search.proquest.com/publication/2032649
|
| 856 |
4 |
0 |
|z Full text available from Research Library: 01/01/2010 to 01/31/2010
|u https://search.proquest.com/publication/2032102
|